Country Quiz: Zambia 🇿🇲 - Statistics

General Stats
  • This quiz has been taken 12 times
  • The average score is 21 of 32
Answer Stats
Hint Answer % Correct
Main Religion Christianity
100%
Nationality Zambian
100%
Independence 1964
86%
Time zones 1 (UTC+2)
86%
Democratic Republic of the Congo
86%
Language English
86%
1/44 Countries to lack access to any ocean, otherwise known as... Landlocked
86%
Malawi
86%
State-Condition Republic (presidential / unitary)
86%
Main trading partner (export) hint: cheese and watches Switzerland
86%
Tanzania
86%
Zimbabwe
86%
Bordering Countries Angola
71%
Botswana
71%
Main River Congo River
71%
Capital Lusaka
71%
Mozambique
71%
Namibia
71%
Climate Tropical
71%
United Kingdom
71%
National Sport Football
57%
Main Economic Sector Primary / Agriculture
57%
Between 1953-1964, Zambia, together two other African countries, merged together to form the Federation of..... Rhodesia / Nyasaland
57%
National Animal African Fish Eagle
43%
Main Export Copper
43%
Main Lake Lake Tanganyika
43%
Former Name Northern Rhodesia
43%
In 1851, this missionary arrive, eventually leading to this country holding indirect rule over Zambia until its independence David Livingstone
29%
Currency Kwacha
29%
Founding Father and Most Famous Leader Kenneth David Kaunda
14%
National Dish Nshima
14%
Second-Largest City Kitwe
0%
No matching quizzes found
Score Distribution
Percent of People with Each Score
Percentile by Number Answered
Your Score History
You have not taken this quiz